Young Adult Bunker Quiz Stats

 Plays Quiz Updated Mar 18, 2020

Support Sporcle.
Go Orange.
Score 0/15 Timer 06:00
1 Play Today
Question Answer % Correct
????
100%
????
93.5%
????
55.1%
????
49.7%
????
37.1%
????
30.8%
????
29.2%
????
24.3%
Question Answer % Correct
????
19.2%
????
12.3%
????
7.3%
????
6.4%
????
4.2%
????
3.3%
????
1.6%

From the Vault

'NOV' Words

by DesertSpartan

Not yOur aVerage quiz.
Remove Ads.
Support Sporcle.
Get the best of Sporcle when you Go Orange. This ad-free experience offers more features, more stats, and more fun while also helping to support Sporcle. Thank you for becoming a member.

Show Comments

Extras

Top Quizzes Today


Score Distribution

Your Account Isn't Verified!

In order to create a playlist on Sporcle, you need to verify the email address you used during registration. Go to your Sporcle Settings to finish the process.

Report this User

Report this user for behavior that violates our Community Guidelines.

Details: